000 00332nam a22001217a 4500
008 160510b xxu||||| |||| 00| 0 eng d
020 _a9780781783385
020 _a9780781783380
041 _aeng
080 _a61
245 _aThe minute cansult clinical campanion to wommns health:
_cKelly A.McGarry; Iris L.Tong;
942 _2udc
_cBK
999 _c2007
_d2007